[Event "HUN-chT3 0001"]
[White "Apatoczky, Pal"]
[Black "Gelle, Istvan"]
[Site "Hungary"]
[Round "9.2"]
[Result "1-0"]
[Date "2001.03.25"]
[WhiteElo "2193"]
[BlackElo "2189"]
[PlyCount "87"]
[EventDate "2000.10.29"]
[EventType "team-tourn"]
[EventRounds "11"]
[EventCountry "HUN"]
[SourceTitle "EXT 2007"]
[Source "ChessBase"]
[SourceDate "2006.11.23"]
[SourceVersion "1"]
[SourceVersionDate "2006.11.23"]
[SourceQuality "1"]

1. e4 c6 2. Nc3 d5 3. Nf3 Bg4 4. h3 Bxf3 5. Qxf3 e6 6. d3 Nf6 7. Be2 Bb4 8. Bd2 d4 9. Nb1 Bxd2+ 10. Nxd2 Qc7 11. g4 Nbd7 12. g5 Ng8 13. h4 Ne7 14. h5 h6 15. gxh6 Rxh6 16. Qg4 Rh7 17. f4 0-0-0 18. 0-0-0 Kb8 19. Nf3 Nf6 20. Qg5 c5 21. Ne5 Nc8 22. Kb1 Rdh8 23. Rc1 Ne8 24. Qg2 f6 25. Ng6 Rg8 26. c3 dxc3 27. Rxc3 Qd6 28. Rhc1 b6 29. b4 Qd4 30. Rc4 Qe3 31. bxc5 b5 32. Rb4 Nc7 33. Qf3 Qd2 34. Rb2 Qa5 35. Qe3 Rd8 36. Qd2 Qa3 37. Rb3 Qa4 38. Qc3 Qa6 39. Qb4 Qc6 40. Bf3 e5 41. fxe5 fxe5 42. a4 a6 43. axb5 Nxb5 44. Nxe5 1-0

[Event "HUN-chT2 Charousek 0001"]
[White "Apatoczky, Pal"]
[Black "Juhasz, Mark"]
[Site "Hungary"]
[Round "6"]
[Result "0-1"]
[Date "2001.02.04"]
[WhiteElo "2185"]
[BlackElo "2155"]
[PlyCount "65"]
[EventDate "2000.11.26"]
[EventType "team"]
[EventRounds "11"]
[EventCountry "HUN"]
[SourceTitle "EXT 2007"]
[Source "ChessBase"]
[SourceDate "2006.11.23"]
[SourceVersion "1"]
[SourceVersionDate "2006.11.23"]
[SourceQuality "1"]
[WhiteTeam "Budapest EAC"]
[BlackTeam "Budapest Spartacus"]
[WhiteTeamCountry "HUN"]
[BlackTeamCountry "HUN"]

1. e4 c5 2. Nf3 g6 3. g3 Bg7 4. Bg2 Nc6 5. 0-0 d6 6. d3 e6 7. Re1 Nge7 8. c3 0-0 9. Be3 e5 10. a3 b6 11. b4 h6 12. Qd2 Kh7 13. Ra2 Be6 14. Rb2 Rc8 15. Rc1 f5 16. Nh4 f4 17. gxf4 exf4 18. Bxf4 g5 19. Bxg5 hxg5 20. Nf3 Rxf3 21. Bxf3 Ne5 22. Bg2 N7g6 23. Kh1 Nf4 24. Rg1 Nexd3 25. Rc2 Bb3 26. e5 Bxc2 27. Be4+ Kh8 28. Qxc2 Nxe5 29. Nd2 Qf6 30. Nf3 Nxf3 31. Bxf3 Re8 32. Bg4 Qxc3 33. Qf5 0-1

[Event "HUN-chT3"]
[White "Dekany, Lajos"]
[Black "Apatoczky, Pal"]
[Site "Hungary"]
[Round "?"]
[Result "0-1"]
[Date "1997.??.??"]
[WhiteElo "2230"]
[BlackElo "2190"]
[PlyCount "90"]
[EventDate "1997.??.??"]
[EventType "team-tourn"]
[EventRounds "13"]
[EventCountry "HUN"]
[SourceTitle "EXT 2001"]
[Source "ChessBase"]
[SourceDate "2000.11.22"]
[SourceVersion "1"]
[SourceVersionDate "2000.11.22"]
[SourceQuality "1"]

1. d4 Nf6 2. Nf3 g6 3. c4 Bg7 4. Nc3 d6 5. e4 0-0 6. h3 Nbd7 7. Bd3 e5 8. d5 Nc5 9. Bc2 a5 10. Bg5 h6 11. Be3 b6 12. Qd2 Kh7 13. g4 Ng8 14. 0-0-0 Bd7 15. Rdg1 Qc8 16. Nh4 Qa6 17. Qe2 a4 18. g5 h5 19. Nf5 Rfb8 20. Nxg7 Kxg7 21. f4 b5 22. cxb5 Bxb5 23. Nxb5 Qxb5 24. Qxb5 Rxb5 25. fxe5 dxe5 26. Bd2 Ne7 27. Bc3 Nd7 28. Rd1 Nc8 29. b4 axb3 30. Bxb3 Nd6 31. Rhe1 Kf8 32. Kc2 Ke7 33. Ra1 Rb7 34. a3 Nc5 35. Bb4 Na6 36. Bc3 Nc5 37. Ba2 Rxa3 38. Bxe5 Kd7 39. Bb1 Rxa1 40. Bxa1 Ncxe4 41. h4 Rb5 42. Ba2 Ra5 43. Bb3 Nc5 44. Rd1 Ra3 45. Bd4 Nxb3 0-1

[Event "HUN-chT2 9293"]
[White "Apatoczky, Pal"]
[Black "Kustar, Sandor"]
[Site "Hungary"]
[Round "?"]
[Result "0-1"]
[Date "1993.??.??"]
[WhiteElo "2250"]
[BlackElo "2310"]
[PlyCount "62"]
[EventDate "1992.??.??"]
[EventType "team-tourn"]
[EventRounds "12"]
[EventCountry "HUN"]
[SourceTitle "TD"]
[Source "ChessBase"]
[SourceDate "1994.03.01"]
[SourceVersion "1"]
[SourceVersionDate "1994.03.01"]
[SourceQuality "1"]

1. e4 c6 2. d3 d5 3. Nd2 g6 4. g3 Bg7 5. Bg2 e5 6. Ngf3 Ne7 7. 0-0 0-0 8. b4 a5 9. Bb2 d4 10. a3 f6 11. c3 dxc3 12. Qb3+ Kh8 13. Qxc3 axb4 14. axb4 Rxa1 15. Rxa1 Na6 16. Nc4 Bg4 17. h3 Be6 18. d4 exd4 19. Nxd4 Bf7 20. Nb3 Nc7 21. Ne3 Nb5 22. Qc2 Qd6 23. Nc5 Qc7 24. Rd1 Nd6 25. Ng4 Bg8 26. e5 fxe5 27. Nxe5 Nd5 28. Ned7 Rf7 29. Bxd5 cxd5 30. Rxd5 Rxd7 31. Bxg7+ Rxg7 0-1

[Event "HUN-chT2 9293"]
[White "Apatoczky, Pal"]
[Black "Ponyi, Attila"]
[Site "Hungary"]
[Round "?"]
[Result "1/2-1/2"]
[Date "1993.??.??"]
[WhiteElo "2250"]
[BlackElo "2095"]
[PlyCount "111"]
[EventDate "1992.??.??"]
[EventType "team-tourn"]
[EventRounds "12"]
[EventCountry "HUN"]
[SourceTitle "TD"]
[Source "ChessBase"]
[SourceDate "1994.03.01"]
[SourceVersion "1"]
[SourceVersionDate "1994.03.01"]
[SourceQuality "1"]

1. e4 Nf6 2. d3 d6 3. g3 g6 4. Bg2 Bg7 5. Nf3 0-0 6. 0-0 e5 7. Nbd2 Bg4 8. h3 Bd7 9. Nc4 Nc6 10. c3 Ne8 11. Kh2 f5 12. exf5 Rxf5 13. Nh4 Rf8 14. Qb3 Kh8 15. Qxb7 Rb8 16. Qa6 Qc8 17. Qxc8 Rxc8 18. Be3 a6 19. f4 exf4 20. Bxf4 Rb8 21. Bg5 Nf6 22. b3 Ng8 23. d4 Nce7 24. Rae1 Nf5 25. g4 Nxh4 26. Bxh4 Bb5 27. Rxf8 Rxf8 28. Na3 Bd7 29. Nc2 a5 30. Bg3 a4 31. Ne3 axb3 32. axb3 Rc8 33. Nd5 Bc6 34. Ne7 Nxe7 35. Rxe7 Bxg2 36. Kxg2 Kg8 37. b4 c5 38. bxc5 dxc5 39. d5 Bxc3 40. d6 Bf6 41. Rc7 Rf8 42. Rxc5 Bd8 43. Rb5 Kg7 44. Be5+ Kf7 45. Kf3 Ke6+ 46. Ke4 Rf1 47. Bf4 Re1+ 48. Kd4 Rd1+ 49. Kc5 Rf1 50. Rb4 Rf3 51. Kc6 Rc3+ 52. Kb7 Kd7 53. Kb8 Rc8+ 54. Kb7 Rc3 55. Kb8 Rc8+ 56. Kb7 1/2-1/2

[Event "HUN-chT2 9293"]
[White "Frank, Jozsef"]
[Black "Apatoczky, Pal"]
[Site "Hungary"]
[Round "?"]
[Result "1-0"]
[Date "1993.??.??"]
[WhiteElo "2335"]
[BlackElo "2250"]
[PlyCount "107"]
[EventDate "1992.??.??"]
[EventType "team-tourn"]
[EventRounds "12"]
[EventCountry "HUN"]
[SourceTitle "TD"]
[Source "ChessBase"]
[SourceDate "1994.03.01"]
[SourceVersion "1"]
[SourceVersionDate "1994.03.01"]
[SourceQuality "1"]

1. e4 e5 2. Bc4 Nf6 3. d3 Be7 4. Nc3 d6 5. f4 0-0 6. Nf3 exf4 7. Bxf4 c6 8. Bb3 d5 9. e5 Nfd7 10. Qd2 f6 11. d4 fxe5 12. dxe5 Nc5 13. 0-0 a5 14. a3 Nxb3 15. cxb3 Na6 16. Rae1 Nc5 17. Nd4 Ne6 18. Be3 Rxf1+ 19. Rxf1 Nxd4 20. Bxd4 Be6 21. Na4 b5 22. Nc5 Bxc5 23. Bxc5 Qd7 24. Qxa5 Re8 25. Qc3 Bf7 26. Qd4 Bg6 27. Qf4 h6 28. a4 bxa4 29. bxa4 Qc7 30. Bd6 Qb6+ 31. Kh1 Qxb2 32. Qg4 Be4 33. e6 h5 34. Qh3 Qe2 35. Rg1 Qg4 36. Qxg4 hxg4 37. e7 Kf7 38. Rf1+ Ke6 39. Rf8 Kd7 40. Bc5 Bd3 41. Kg1 Ba6 42. Rf7 g6 43. Rf6 Bd3 44. Kf2 Bc2 45. a5 Bd3 46. Ke3 Bb5 47. g3 g5 48. Kd4 Rxe7 49. Bxe7 Kxe7 50. Rg6 Kd7 51. Kc5 Kc7 52. Rxg5 Kb7 53. Rxg4 Ka6 54. Rg8 1-0

[Event "HUN-chT2 9293"]
[White "Kozma, Karoly"]
[Black "Apatoczky, Pal"]
[Site "Hungary"]
[Round "?"]
[Result "0-1"]
[Date "1993.??.??"]
[WhiteElo "2320"]
[BlackElo "2250"]
[PlyCount "66"]
[EventDate "1992.??.??"]
[EventType "team-tourn"]
[EventRounds "12"]
[EventCountry "HUN"]
[SourceTitle "TD"]
[Source "ChessBase"]
[SourceDate "1994.03.01"]
[SourceVersion "1"]
[SourceVersionDate "1994.03.01"]
[SourceQuality "1"]

1. d4 Nf6 2. Nf3 g6 3. Bg5 Bg7 4. Nbd2 0-0 5. c3 d6 6. e4 b6 7. Qc2 c5 8. Bc4 Bb7 9. e5 dxe5 10. dxe5 Ng4 11. e6 f5 12. h3 Ne5 13. Nxe5 Bxe5 14. 0-0-0 Qc7 15. h4 Bf4 16. f3 Bxg5 17. hxg5 Qf4 18. Rh6 Kg7 19. Rdh1 Rh8 20. R1h4 Qxg5 21. Qd3 Nc6 22. Qe2 Rad8 23. g4 fxg4 24. Qh2 Qxd2+ 25. Qxd2 Rxd2 26. Kxd2 Ne5 27. Be2 g3 28. Ke3 g2 29. Kf2 Bxf3 30. Ba6 Ng4+ 31. Rxg4 Bxg4 32. Rh4 Bxe6 33. Kxg2 Bxa2 0-1

[Event "Budapest Spring op 06th"]
[White "Horvath, Gyula"]
[Black "Apatoczky, Pal"]
[Site "Budapest"]
[Round "3"]
[Result "1/2-1/2"]
[Date "1990.??.??"]
[WhiteElo "2440"]
[BlackElo "2285"]
[PlyCount "82"]
[EventDate "1990.03.??"]
[EventType "swiss"]
[EventRounds "9"]
[EventCountry "HUN"]
[SourceTitle "CBM 017 Extra"]
[Source "ChessBase"]
[SourceDate "1990.09.01"]
[SourceVersion "1"]
[SourceVersionDate "1990.09.01"]
[SourceQuality "1"]

1. Nf3 Nf6 2. c4 g6 3. Nc3 Bg7 4. e4 d6 5. d4 0-0 6. Be3 Nbd7 7. Nd2 e5 8. d5 Ne8 9. Be2 f5 10. f3 Bh6 11. Bf2 Qg5 12. g3 Qxd2+ 13. Qxd2 Bxd2+ 14. Kxd2 a5 15. Raf1 Nc5 16. exf5 gxf5 17. Re1 b6 18. Bd1 Ba6 19. b3 Bb7 20. f4 e4 21. Bd4 c6 22. dxc6 Bxc6 23. Rhg1 Nf6 24. h3 Rad8 25. Be2 Kf7 26. g4 fxg4 27. hxg4 d5 28. cxd5 Nxd5 29. Nxd5 Bxd5 30. Ke3 Kg8 31. f5 Nd3 32. Ref1 b5 33. g5 a4 34. bxa4 bxa4 35. a3 Rb8 36. g6 hxg6 37. fxg6 Rxf1 38. Rxf1 Rb3 39. g7 Nc5+ 40. Kf4 Ne6+ 41. Ke5 Nxd4 1/2-1/2